export_success — 

Professional engineers and land surveyors : registered with the New York State Education Department.

Saved in:
Bibliographic Details
Corporate Author: University of the State of New York.
Format: Book
Language:English
Published: Albany, N.Y. : University of the State of New York, 1942.
Series:Bulletin (University of the State of New York) ; no. 1244.
Subjects:
Tags: Add Tag
No Tags, Be the first to tag this record!
LEADER 00749nam a22001937u 4500
001 000000424-3
005 20060411152618.0
008 830127|1942 ||||||| |||| |0||||eng|d
035 0 |a ocm77641295 
245 0 0 |a Professional engineers and land surveyors :  |b registered with the New York State Education Department. 
260 0 |a Albany, N.Y. :  |b University of the State of New York,  |c 1942. 
300 |a 271 p. ;  |c 23 cm. 
490 1 |a University of the State of New York bulletin ;  |v no. 1244 
650 0 |a Engineers  |z New York (State)  |x Directories. 
650 0 |a Surveyors  |z New York (State)  |x Directories. 
710 2 |a University of the State of New York. 
830 0 |a Bulletin (University of the State of New York) ;  |v no. 1244. 
988 |a 20020608 
906 |0 MH